Statistics for Countries by Borders in 30 Seconds

Click here to take the quiz!

General Stats

  • This quiz has been taken 21 times
  • The average score is 93 of 157

Answers on the Map

Answers color-coded by a green-red scale on the quiz's map according to % correct below.
 

Answer Stats

Country% Correct
Azerbaijan
100%
China
100%
Georgia
100%
India
100%
Kazakhstan
100%
Mongolia
100%
Myanmar
100%
Nepal
100%
North Korea
100%
Pakistan
100%
Poland
100%
Russia
100%
Argentina
94%
Belarus
94%
Bhutan
94%
Bolivia
94%
Brazil
94%
Colombia
94%
Estonia
94%
Finland
94%
France
94%
Latvia
94%
Lithuania
94%
Norway
94%
Paraguay
94%
Peru
94%
Suriname
94%
Ukraine
94%
Uruguay
94%
Afghanistan
88%
Angola
88%
Burundi
88%
Canada
88%
Central African
Republic
88%
D. R. Congo
88%
Guyana
88%
Libya
88%
Mexico
88%
Rep. of the Congo
88%
Rwanda
88%
South Sudan
88%
Sudan
88%
Tanzania
88%
Uganda
88%
United States
88%
Venezuela
88%
Zambia
88%
Algeria
82%
Cameroon
82%
Laos
82%
Niger
82%
Vietnam
82%
Chad
76%
Gabon
76%
Germany
76%
Iraq
76%
Kyrgyzstan
76%
Mali
76%
Switzerland
76%
Tajikistan
76%
Belgium
71%
Jordan
71%
Kuwait
71%
Luxembourg
71%
Mauritania
71%
Netherlands
71%
Saudi Arabia
71%
Austria
65%
Czech Republic
65%
Egypt
65%
Italy
65%
Morocco
65%
Nigeria
65%
Oman
65%
Spain
65%
Turkey
65%
United Arab Emirates
65%
Yemen
65%
Botswana
59%
Burkina Faso
59%
Eritrea
59%
Ethiopia
59%
Iran
59%
Namibia
59%
Qatar
59%
South Africa
59%
Zimbabwe
59%
Andorra
53%
Armenia
53%
Denmark
53%
Eswatini
53%
Lesotho
53%
Mozambique
53%
Tunisia
53%
Turkmenistan
53%
Bulgaria
47%
Guinea
47%
Ivory Coast
47%
Senegal
47%
Slovenia
47%
United Kingdom
47%
Bangladesh
41%
Benin
41%
Chile
41%
Croatia
41%
Ecuador
41%
Hungary
41%
North Macedonia
41%
Romania
41%
Serbia
41%
Sri Lanka
41%
Bosnia and
Herzegovina
35%
Greece
35%
Kenya
35%
Kosovo
35%
Monaco
35%
Montenegro
35%
Somalia
35%
Syria
35%
Djibouti
29%
Dominican Republic
29%
East Timor
29%
Haiti
29%
Indonesia
29%
Ireland
29%
Israel
29%
Malaysia
29%
Nicaragua
29%
Papua New Guinea
29%
Portugal
29%
San Marino
29%
Slovakia
29%
Vatican City
29%
Honduras
24%
Albania
18%
Costa Rica
18%
El Salvador
18%
Equatorial Guinea
18%
Ghana
18%
Guatemala
18%
Guinea-Bissau
18%
Liberia
18%
Sierra Leone
18%
Sweden
18%
Togo
18%
Cambodia
12%
Gambia
12%
Moldova
12%
Panama
12%
Thailand
12%
Uzbekistan
12%
Belize
6%
Liechtenstein
6%
Malawi
6%
Brunei
0%
Lebanon
0%
South Korea
0%

Score Distribution

Percentile by Number Answered

Percent of People with Each Score

Your Score History

You have not taken this quiz